[Event "Pristina op"]
[Site "Pristina"]
[Date "2015.06.20"]
[Round "9"]
[White "Xheladini, Fikri"]
[Black "Prokshaj, Imer"]
[Result "1-0"]
[WhiteElo "2070"]
[BlackElo "1989"]
[PlyCount "30"]
[EventDate "2015.06.13"]
[EventType "swiss"]
[EventRounds "9"]
[EventCountry "KOS"]
[SourceTitle "CBM 167 Extra"]
[Source "ChessBase"]
[SourceDate "2015.09.14"]
[SourceVersion "1"]
[SourceVersionDate "2015.09.14"]
[SourceQuality "1"]

1. e4 e6 2. d4 d5 3. Bd3 Nf6 4. e5 Nfd7 5. c3 c5 6. Nf3 Nc6 7. a3 cxd4 8. cxd4 Qb6 9. Bc2 Be7 10. Nc3 a6 11. 0-0 Qc7 12. Bg5 Nf8 13. Rc1 Bxg5 14. Nxg5 Qb6 15. b4 h6 1-0

[Event "Pristina op"]
[Site "Pristina"]
[Date "2015.06.18"]
[Round "7"]
[White "Xheladini, Fikri"]
[Black "Sadiku, Bedri"]
[Result "0-1"]
[WhiteElo "2070"]
[BlackElo "2241"]
[PlyCount "32"]
[EventDate "2015.06.13"]
[EventType "swiss"]
[EventRounds "9"]
[EventCountry "KOS"]
[SourceTitle "CBM 167 Extra"]
[Source "ChessBase"]
[SourceDate "2015.09.14"]
[SourceVersion "1"]
[SourceVersionDate "2015.09.14"]
[SourceQuality "1"]

1. e4 c5 2. Bc4 e6 3. Qe2 a6 4. d3 Nc6 5. c3 Ne5 6. Bb3 d6 7. Nf3 g6 8. h4 h6 9. Be3 Bg7 10. Nfd2 b5 11. Nf1 Qe7 12. a3 Bb7 13. Ng3 Nc6 14. Qf3 c4 15. Bd1 Ne5 16. Qe2 Nxd3+ 0-1

[Event "FRA-chT2 East 0809"]
[Site "France"]
[Date "2009.03.15"]
[Round "9.3"]
[White "Xheladini, Fikri"]
[Black "Broca, Alexandre"]
[Result "0-1"]
[WhiteElo "2094"]
[BlackElo "2141"]
[PlyCount "120"]
[EventDate "2008.10.19"]
[EventType "team-tourn"]
[EventRounds "11"]
[EventCountry "FRA"]
[SourceTitle "EXT 2010"]
[Source "ChessBase"]
[SourceDate "2010.11.25"]
[SourceVersion "1"]
[SourceVersionDate "2010.11.25"]
[SourceQuality "1"]
[WhiteTeam "Mulhouse IV"]
[BlackTeam "Grenoble"]
[WhiteTeamCountry "FRA"]
[BlackTeamCountry "FRA"]

1. e4 e5 2. Bc4 Nc6 3. Nf3 Nf6 4. Qe2 Bc5 5. Nc3 0-0 6. Ng5 Nd4 7. Qd3 c6 8. 0-0 b5 9. Bb3 d6 10. Ne2 Nxe2+ 11. Qxe2 Bg4 12. Nf3 Nh5 13. d3 Qf6 14. Be3 Nf4 15. Bxf4 Qxf4 16. c3 Kh8 17. Rae1 a5 18. Bd1 a4 19. a3 f6 20. Qc2 Bb6 21. h3 Be6 22. Kh1 Qh6 23. Nh2 g5 24. Bf3 Ra7 25. Qd2 Qg6 26. Qd1 Bb3 27. Qe2 Bf7 28. Bg4 h5 29. Bf5 Qh6 30. Qd2 Bg6 31. d4 Bxf5 32. exf5 Rd8 33. Qe3 Qh7 34. Rd1 d5 35. dxe5 fxe5 36. f3 Re8 37. g4 h4 38. Rde1 Rae7 39. Qd2 Qg7 40. Re2 Qf6 41. Qc2 Kg7 42. b3 axb3 43. Qxb3 Ra8 44. Rb2 Rea7 45. Ra2 Ra4 46. Re1 Bc5 47. Rae2 Bd6 48. Qc2 Rc4 49. Qc1 Raa4 50. Qe3 Bc7 51. Ra1 Kf7 52. Nf1 e4 53. Rc2 Bf4 54. Qb6 exf3 55. Re1 Re4 56. Rxe4 Rxe4 57. Qf2 Qe7 58. Qxf3 Re1 59. Kg1 Qe4 60. Qf2 Be3 0-1

[Event "FRA-chT2 East 0809"]
[Site "France"]
[Date "2009.01.17"]
[Round "5.4"]
[White "Xheladini, Fikri"]
[Black "Bellahcene, Bilel"]
[Result "1-0"]
[WhiteElo "2094"]
[BlackElo "1878"]
[PlyCount "67"]
[EventDate "2008.10.19"]
[EventType "team-tourn"]
[EventRounds "11"]
[EventCountry "FRA"]
[SourceTitle "EXT 2010"]
[Source "ChessBase"]
[SourceDate "2010.11.25"]
[SourceVersion "1"]
[SourceVersionDate "2010.11.25"]
[SourceQuality "1"]
[WhiteTeam "Mulhouse IV"]
[BlackTeam "Bischwiller II"]
[WhiteTeamCountry "FRA"]
[BlackTeamCountry "FRA"]

1. e4 c5 2. Bc4 Nc6 3. a3 g6 4. Nf3 Bg7 5. c3 Nf6 6. Qe2 d5 7. exd5 Nxd5 8. d3 0-0 9. 0-0 e5 10. h3 Kh8 11. Be3 b6 12. Nbd2 f5 13. Bg5 Qd6 14. Bb5 h6 15. Nc4 Qe6 16. Bd2 Re8 17. Rae1 e4 18. dxe4 fxe4 19. Nh2 a6 20. Bxc6 Qxc6 21. f4 Bf5 22. Ne3 Nxe3 23. Bxe3 Rad8 24. Ng4 Bxg4 25. hxg4 Rd5 26. Qxa6 h5 27. Qe2 Qe6 28. g5 Red8 29. Kh2 Qd6 30. Kg1 Qd7 31. Bc1 Re8 32. Be3 b5 33. Qf2 Qd6 34. Qe2 1-0